El Renacimiento (Record no. 164636)

MARC details
000 -LEADER
campo de control de longitud fija 00872nam a22002175i 4500
001 - NÚMERO DE CONTROL
campo de control 164636
003 - IDENTIFICADOR DE NÚMERO DE CONTROL
campo de control ES-MaACL
005 - FECHA Y HORA DE LA ÚLTIMA TRANSACCIÓN
campo de control 20250812045125.0
008 - DATOS DE LONGITUD FIJA--INFORMACIÓN GENERAL
campo de control de longitud fija 970609s1871 sp |||| | spa d
040 ## - FUENTE DE CATALOGACIÓN
Centro catalogador/agencia de origen AR
Lengua de catalogación spa
Centro/agencia transcriptor AR
100 1# - ENTRADA PRINCIPAL--NOMBRE DE PERSONA
Nombre de persona Sancho y Gil, Faustino.
9 (RLIN) 132400
245 13 - MENCIÓN DEL TÍTULO
Título El Renacimiento
Resto del título : lecciones pronunciadas en el Ateneo Mercantil de Madrid /
Mención de responsabilidad, etc. por Faustino Sancho y Gil ; (publicadas por aquella Asociación).
260 ## - PUBLICACIÓN, DISTRIBUCIÓN, ETC.
Lugar de publicación, distribución, etc. Madrid :
Nombre del editor, distribuidor, etc. [s.n.],
Fecha de publicación, distribución, etc. 1871 (
Fabricante Imp. de E. de la Riva)
300 ## - DESCRIPCIÓN FÍSICA
Extensión 277 p. ;
Dimensiones 20 cm.
650 07 - PUNTO DE ACCESO ADICIONAL DE MATERIA--TÉRMINO DE MATERIA
Término de materia o nombre geográfico como elemento de entrada Arte renacentista
Fuente del encabezamiento o término embne
9 (RLIN) 10287
710 2# - ENTRADA AGREGADA--NOMBRE DE ENTIDAD CORPORATIVA
Nombre de entidad corporativa o nombre de jurisdicción como elemento de entrada Ateneo Mercantil de Madrid.
9 (RLIN) 2049
852 ## - LOCALIZACIÓN
Ubicación ES-MaACL
Número de control de estantería D-802
Nota libre -- Rust.
-- .- Legado M. de la Fuente
852 ## - LOCALIZACIÓN
Ubicación ES-MaACL
Número de control de estantería T-193-F-5
Nota libre -- Enc. hol.
-- -- Enc. en un vol. facticio
852 ## - LOCALIZACIÓN
Ubicación ES-MaACL
Número de control de estantería D-4706(5)
Nota libre .- Encuadernado con otras obras
Holdings
Estatus retirado Estado de pérdida Estado de daño No para préstamo Colección Biblioteca de origen Biblioteca actual Ubicación en estantería Fecha de adquisición Total de préstamos Signatura topográfica completa Código de barras Visto por última vez Precio de reemplazo Tipo de ítem Koha Fuente de adquisición
        Colección de folletos Biblioteca del Ateneo de Madrid Biblioteca del Ateneo de Madrid Depósito folletos 17/01/2008   T-193-F-5 1172584 23/02/2023 23/02/2023 Folleto  
        Libros del s. XIX Biblioteca del Ateneo de Madrid Biblioteca del Ateneo de Madrid Sala Valle Inclán 11/05/2011   D-4706(5) 901186968 23/02/2023 23/02/2023 Libro impreso antiguo  
        Libros del s. XIX Biblioteca del Ateneo de Madrid Biblioteca del Ateneo de Madrid Sala Valle Inclán 17/01/2008   D-802 901172583 23/02/2023 23/02/2023 Libro impreso antiguo